Soviet music (Record no. 1060494)

MARC details
000 -LEADER
fixed length control field 00581nam a2200241Ia 4500
003 - CONTROL NUMBER IDENTIFIER
control field OSt
005 - DATE AND TIME OF LATEST TRANSACTION
control field 20221005131502.0
008 - FIXED-LENGTH DATA ELEMENTS--GENERAL INFORMATION
fixed length control field 221004b |||||||| |||| 00| 0 eng d
037 ## - SOURCE OF ACQUISITION
Terms of availability Textual
040 ## - CATALOGING SOURCE
Original cataloging agency CRL
Transcribing agency CRL
Language of cataloging eng
041 ## - LANGUAGE CODE
Source of code eng
Language code of text/sound track or separate title eng
100 ## - MAIN ENTRY--PERSONAL NAME
Personal name Polyakova Lyudmila
9 (RLIN) 639672
245 #0 - TITLE STATEMENT
Title Soviet music
260 ## - PUBLICATION, DISTRIBUTION, ETC.
Date of publication, distribution, etc. 1960
650 ## - SUBJECT ADDED ENTRY--TOPICAL TERM
Topical term or geographic name entry element ARTS
650 ## - SUBJECT ADDED ENTRY--TOPICAL TERM
Topical term or geographic name entry element MUSIC
9 (RLIN) 17402
942 ## - ADDED ENTRY ELEMENTS (KOHA)
Classification part N858, 111K0
Koha item type Textual
Source of classification or shelving scheme
Holdings
Withdrawn status Lost status Damaged status Not for loan Home library Current library Date acquired Total Checkouts Full call number Barcode Date last seen Price effective from Koha item type
        Central Library Central Library 2022-10-05   N858 111K0 CL0149952 2022-10-05 2022-10-05 Textual
Copyright @ Delhi University Library System